|
|
|
|
| LEADER |
00000nas a22000001a 4500 |
| 001 |
vtls010302488 |
| 003 |
SK-MaSNL |
| 005 |
20260228162848.0 |
| 008 |
110810d19511951xo mr p r 0 b0slo |
| 015 |
|
|
|a SNBDS17XX9999
|
| 015 |
|
|
|a 1784
|2 Balúnová 1945-60
|
| 038 |
|
|
|a SNKBUDS
|
| 040 |
|
|
|a SNK
|b slo
|c SNK
|e AACR2
|
| 041 |
0 |
|
|a slo
|a hun
|
| 044 |
|
|
|a xo
|c SK
|
| 080 |
|
|
|a 070.489
|2 2001
|
| 245 |
0 |
0 |
|a Vesna banskobystrického kraja
|
| 260 |
|
|
|a Zvolen
|b ZS ROH, n. p. Vesna vo Zvolene
|c 1941
|
| 300 |
|
|
|a 3 čís.
|c 30 x 21 cm
|
| 310 |
|
|
|a 1x mesačne
|
| 362 |
0 |
|
|a Roč. I, č. 1 (jan. 1951)-č. 3 (marec 1951)
|
| 500 |
|
|
|a Vych. vo Zvolene mesačne
|
| 500 |
|
|
|a Hlav. a zodp. red. František Tichý
|
| 500 |
|
|
|a Vyd. ZS ROH, n. p. Vesna vo Zvolene
|
| 500 |
|
|
|a Tlač. Tlačiarenské závody Pravda, n. p., záv. Zvolen
|
| 500 |
|
|
|a Vych. od jan. 1951. Posl. číslo v marci 1951
|
| 505 |
8 |
0 |
|g Roč. I. 1951 3 č. po 8 s.
|
| 546 |
|
|
|a Príspevky aj v maď. jazyku
|
| 610 |
2 |
7 |
|a Vesna, n.p. (Zvolen)
|x časopisy
|2 SNKBUDS
|9 272338
|
| 655 |
|
7 |
|a podnikové časopisy
|2 SNKBUDS
|9 265225
|
| 700 |
1 |
|
|a Tichý, František
|4 pbd
|9 272339
|
| 710 |
2 |
|
|a Vesna, n.p. (Zvolen)
|e vydav.
|9 272340
|
| 710 |
2 |
|
|a Tlačiarenské závody Pravda (Bratislava, Slovensko).
|b Závod Košice
|9 268771
|
| 852 |
|
|
|a SNK
|b 10000
|h ČSB 1759
|
| 852 |
|
|
|a SVKKK
|b 900000
|h C 25
|
| 999 |
|
|
|c 8464
|d 10394
|